000 00339 a2200109 4500
001 ART_60416
005 20260410161801.0
008 260409a
245 1 0 _aEl derecho al recurso y a la revisión amplia de la condena
100 1 _aSequeira, Marcos A.
773 0 _tDoctrina tributaria
_g- N° 528 (mar. 2024)
_wREV4296
999 _c20622
_d20622